| Tag |
First Indicator |
Second Indicator |
Subfields |
| LEADER |
00000nam a2200000 4500 |
| 001 |
in00004176321 |
| 005 |
20200807083151.0 |
| 006 |
m g d |
| 007 |
cr bn |||a|bb| |
| 008 |
920929s1623 enk o 00| | eng d |
| 035 |
|
|
|a (UnM)99856263
|
| 037 |
|
|
|a CL0036000022
|b ProQuest. 789 E. Eisenhower Parkway, Ann Arbor, MI 48108-3218
|
| 040 |
|
|
|a Cu-RivES
|c Cu-RivES
|d CStRLIN
|e dcrb
|d WaOLN
|
| 100 |
1 |
|
|a Misselden, Edward,
|d fl. 1608-1654.
|
| 245 |
1 |
4 |
|a The circle of commerce. Or The ballance of trade :
|b in defence of free trade: opposed to Malynes little fish and his great whale, and poized against them in the scale. Wherein also, exchanges in generall are considered: and therein the whole trade of this kingdome with forraine countries, is digested into a ballance of trade, for the benefite of the publique. Necessary for the present and future times. By E.M. merchant.
|
| 246 |
2 |
|
|a Circle of commerce
|
| 246 |
2 |
|
|a Ballance of trade.
|
| 260 |
|
|
|a London :
|b Printed by Iohn Dawson, for Nicholas Bourne: and are to be sold at the Royall Exchange,
|c 1623.
|
| 300 |
|
|
|a 1 online resource ([14], 145, [1] pages)
|
| 336 |
|
|
|a text
|b txt
|2 rdacontent
|
| 337 |
|
|
|a computer
|b c
|2 rdamedia
|
| 338 |
|
|
|a online resource
|b cr
|2 rdacarrier
|
| 500 |
|
|
|a Dedication signed: Edw. Misselden.
|
| 500 |
|
|
|a Written in response to: Malynes, Gerard de. The maintenance of free trade.
|
| 500 |
|
|
|a Reproduction of the original in the British Library.
|
| 510 |
4 |
|
|a STC (2nd edition)
|c 17985.
|
| 533 |
|
|
|a Electronic reproduction.
|b Ann Arbor, Mich. :
|c UMI,
|d 1999-
|f (Early English books online)
|n Digital version of: (Early English books, 1475-1640 ; 815:16)
|7 s1999 miun s
|
| 600 |
1 |
0 |
|a Malynes, Gerard,
|d fl. 1586-1641.
|t Maintenance of free trade
|v Early works to 1800.
|
| 650 |
|
0 |
|a Balance of trade
|v Early works to 1800.
|
| 650 |
|
0 |
|a Exchange
|v Early works to 1800.
|
| 651 |
|
4 |
|a Great Britain
|x Commerce
|v Early works to 1800.
|
| 830 |
|
0 |
|a Early English books online.
|
| 856 |
4 |
0 |
|u http://proxy.library.tamu.edu/login?url=https://search.proquest.com/docview/2240938813
|z Connect to the full text of this electronic book
|t 0
|
| 999 |
f |
f |
|s c29369fa-45dc-39c4-bd71-eaae86257a63
|i beff1b9f-be8f-3437-b55d-9b4a750921bf
|t 0
|
| 952 |
f |
f |
|a Texas A&M University
|b College Station
|c Electronic Resources
|d Available Online
|t 0
|h No information provided
|
| 998 |
f |
f |
|t 0
|l Available Online
|